Looking back into the future : (Record no. 58729)

MARC details
000 -LEADER
fixed length control field 01226nam a22002657a 4500
005 - DATE AND TIME OF LATEST TRANSACTION
control field 20111128105318.0
010 ## - LCCN (DPL NO)
LC control number ENG-104210 B-464038
020 ## - INTERNATIONAL STANDARD BOOK NUMBER
International Standard Book Number 9780415501644
Terms of availability 795.00
035 ## - SYSTEM CONTROL NUMBER
System control number EN-87743 B-464038
037 ## - SOURCE OF ACQUISITION
Source of stock number/acquisition DBAD/PUB
037 ## - SOURCE OF ACQUISITION
Source of stock number/acquisition Allied Pub/Ven
082 ## - DEWEY DECIMAL CLASSIFICATION NUMBER
Classification number 303.6250954
100 ## - MAIN ENTRY--PERSONAL NAME
Personal name Prabhakara, M.S.
245 ## - TITLE STATEMENT
Title Looking back into the future :
Statement of responsibility, etc by M.S. Prabhakara
Remainder of title identity & insurgency in Northeast India /
260 ## - PUBLICATION, DISTRIBUTION, ETC. (IMPRINT)
Place of publication, distribution, etc New Delhi
Name of publisher, distributor, etc Routledge
Date of publication, distribution, etc 2012
270 ## - ADDRESS
Address 912 Tolstoy House, 15-17 Tolstoy Marg, Connaught Place
City New Delhi
Postal code 110001
300 ## - PHYSICAL DESCRIPTION
Extent xxvi,286p.
Dimensions 22cm (Hb)
500 ## - GENERAL NOTE
General note Includes bibliographical references and index
700 ## - ADDED ENTRY--PERSONAL NAME
9 (RLIN) 36195
710 ## - ADDED ENTRY--CORPORATE NAME
9 (RLIN) 36196
942 ## - ADDED ENTRY ELEMENTS (KOHA)
Source of classification or shelving scheme Dewey Decimal Classification
Item type English Books
Call number suffix PRA
Classification part 303.6250954
Holdings
Withdrawn status Lost status Not for loan Collection code Home library Current library Date acquired Source of acquisition Cost, normal purchase price Full call number Barcode Copy number Cost, replacement price Koha item type
      Non-fiction Central Library Central Library 22/05/2012 Allied Pub/2039/16.02.2012/27/18.01.2012/21.02.2012 795.00 303.6250954 PRA B-464038 1 795.00 English Books
    Not For Loan Non-fiction D.B.Act.Division D.B.Act.Division 28/11/2011 DBAD/PUB 795.00 303.6250954 PRA EN-87743 1 795.00 English Books

© Delhi Public Library
Hit Counter
free hit counter